000 01025nam a2200289Ia 4500
003 GCL
008 140319s9999 xx 000 0 ara d
020 _a140310977
040 _aGCL /
_cGCL
082 0 4 _a372.21
_bث ت
100 1 _aثناء يوسف الضبع
245 1 0 _aتعلم المفاهيم اللغوية والدينية لدى الاطفال /
_cثناء يوسف الضبع
260 _aالقاهرة :
_bدار الفكر العربى ،
_c2007
300 _a330 ص ؛
_c24 سم
650 0 4 _aرياض الاطفال
650 0 4 _aتعليم الاطفال
650 0 4 _aعلم النفس التربوى
650 0 4 _aالتربية الدينية
650 0 4 _aاغانى الاطفال
650 0 4 _aالاناشيد المدرسية
650 0 4 _aالمدرسون
650 0 4 _aاللغة العربية - تعليم وتدريس
650 0 4 _aاللغات - طرق التدريس
650 0 4 _aاللغة - تاريخ
650 0 4 _aالمسرح التعليمى
942 _2ddc
_cBK
999 _c9636
_d9636